<?xml version="1.0" encoding="UTF-8"?>
<marc:record xmlns:marc="http://www.loc.gov/MARC21/slim">
   <marc:leader>00000nam a2200000 a 4500</marc:leader>
   <marc:datafield ind1="1" ind2=" " tag="100">
      <marc:subfield code="a">Lange, Andreas</marc:subfield>
      <marc:subfield code="4">edt</marc:subfield>
      <marc:subfield code="e">Bearbeiter/-in</marc:subfield>
   </marc:datafield>
   <marc:datafield ind1="1" ind2=" " tag="100">
      <marc:subfield code="a">Xyländer, Margret</marc:subfield>
      <marc:subfield code="4">edt</marc:subfield>
      <marc:subfield code="e">Bearbeiter/-in</marc:subfield>
   </marc:datafield>
   <marc:datafield ind1=" " ind2=" " tag="653">
      <marc:subfield code="a">Jugend</marc:subfield>
   </marc:datafield>
   <marc:datafield ind1=" " ind2=" " tag="653">
      <marc:subfield code="a">Bildung</marc:subfield>
   </marc:datafield>
   <marc:datafield ind1=" " ind2=" " tag="653">
      <marc:subfield code="a">Familie</marc:subfield>
   </marc:datafield>
   <marc:datafield ind1=" " ind2=" " tag="653">
      <marc:subfield code="a">Softcover / Soziologie</marc:subfield>
   </marc:datafield>
   <marc:datafield ind1=" " ind2=" " tag="653">
      <marc:subfield code="a">Konferenzschrift</marc:subfield>
   </marc:datafield>
   <marc:datafield ind1=" " ind2=" " tag="653">
      <marc:subfield code="a">Kongress</marc:subfield>
   </marc:datafield>
   <marc:datafield ind1="0" ind2="0" tag="245">
      <marc:subfield code="a">Bildungswelt Familie</marc:subfield>
   </marc:datafield>
   <marc:datafield ind1="0" ind2="0" tag="245">
      <marc:subfield code="b">theoretische Rahmung, empirische Befunde und disziplinäre Perspektiven</marc:subfield>
   </marc:datafield>
   <marc:datafield ind1="0" ind2="0" tag="245">
      <marc:subfield code="c">Andreas Lange ; Margret Xyländer (Hrsg.)</marc:subfield>
   </marc:datafield>
   <marc:datafield ind1=" " ind2="1" tag="264">
      <marc:subfield code="a">Weinheim</marc:subfield>
      <marc:subfield code="b">Juventa-Verl.</marc:subfield>
      <marc:subfield code="c">2011</marc:subfield>
   </marc:datafield>
   <marc:datafield ind1="1" ind2=" " tag="490">
      <marc:subfield code="a">Materialien</marc:subfield>
   </marc:datafield>
   <marc:datafield ind1="1" ind2=" " tag="520">
      <marc:subfield code="a">Angaben aus der Verlagsmeldung

Bildungswelt Familie : Theoretische Rahmung, empirische Befunde und disziplinäre Perspektiven

Die breite Rezeption der PISA-Studien hat auch zu einer verstärkten Auseinandersetzung mit der Rolle von Familie für den Bildungserfolg von Kindern geführt. Hinzu kommen die im Übergang zur Wissensgesellschaft gestiegenen Erwartungen an die Erziehungs- und Bildungsaufgaben von Familie. Es stellt sich nicht nur die schon in den 1970er Jahren aufgeworfene Frage, wie familiale Herkunftsbedingungen zu den unterschiedlichen Bildungserfolgen von Kindern und Jugendlichen beitragen. Es ist auch zu berücksichtigen, wie und durch welche Praktiken sich basale Kompetenzen und übergreifende Bildungserfahrungen im Familienalltag entwickeln. Der vorliegende Band präsentiert ausgewählte Aufsätze zu beiden Fragestellungen. Empirische wie konzeptionelle Beiträge aus der Familien-, Bildungs- und Medienforschung belegen den hohen Stellenwert der „Bildungswelt Familie“ sowie die Vielfalt familialer Bildungspraktiken. Sie zeigen, dass vertiefte Analysen zur binnenfamilialen Aneignung von Wissen und Bildung sowie zu den zwischen Familie und anderen gesellschaftlichen Teilbereichen ablaufenden Prozessen des Wissens- und Kompetenzerwerbs erforderlich sind.
</marc:subfield>
   </marc:datafield>
   <marc:datafield ind1=" " ind2=" " tag="020">
      <marc:subfield code="a">9783779907190</marc:subfield>
      <marc:subfield code="9">9783779907190</marc:subfield>
   </marc:datafield>
   <marc:datafield ind1=" " ind2=" " tag="041">
      <marc:subfield code="a">ger</marc:subfield>
   </marc:datafield>
   <marc:datafield ind1=" " ind2=" " tag="300">
      <marc:subfield code="a">323 S.</marc:subfield>
   </marc:datafield>
</marc:record>
